Reações inesperadas em farmacología
| Hovedforfatter: | |
|---|---|
| Format: | Bog |
| Sprog: | Portuguese |
| Fag: |
MARC
| LEADER | 00000nam a22000007a 4500 | ||
|---|---|---|---|
| 003 | Ucuenca | ||
| 005 | 20231125064143.0 | ||
| 008 | 181205b1952 bl ||||| |||| 00| 0 por d | ||
| 040 | |b spa | ||
| 041 | 0 | |a pt | |
| 082 | 0 | |a 615.7 | |
| 100 | 1 | |9 231608 |a Rocha e Silva, Mauricio |d 1910- | |
| 245 | |a Reações inesperadas em farmacología |c Mauricio Rocha e Silva |h imp | ||
| 264 | |a Sao Paulo |b s. e. |c 1952 | ||
| 300 | |a 197 páginas: |b gra |c 23.5 cm | ||
| 504 | |a incl. ref. | ||
| 650 | 7 | |a Farmacología |9 3025 | |
| 650 | 0 | |9 39166 |a Reacciones | |
| 942 | |2 ddc |c BK |z bladimir.cabrerar@ucuenca.edu.ec | ||
| 999 | |c 156356 |d 156356 | ||